000 00534nam a22001697a 4500
999 _c8732
_d8732
008 201211b ||||| |||| 00| 0 eng d
040 _aBMS College of Architecture
100 _aThakur, Niyati
245 _aAquapolis - an Aquatic complex in Bangalore
300 _av,46p.
500 _a1BM11AT041
502 _8B,Arch
_NBMS College of Architecture, Visvesvaraya Technological University (VTU)
_aProject report
_d2015
650 _aBangalore
700 _aBhaghyalaxmi M
_eGuide
700 _aMadhuri Rao
_eGuide
942 _2ddc
_cTHE